000 04416cam a2200805 i 4500
001 ocn906010450
003 OCoLC
005 20241121142741.0
008 160412t20152015nyu 000 f eng
010 _a 2016299049
015 _aGBB590413
_2bnb
016 7 _a017436850
_2Uk
020 _a9781609452865
_q(softcover)
020 _a1609452860
_q(softcover)
035 _a(OCoLC)906010450
_z(OCoLC)964386281
040 _aDLC
_beng
_erda
_cDLC
_dYDXCP
_dBTCTA
_dBDX
_dGL8
_dIH7
_dABG
_dVP@
_dCGP
_dNLGGC
_dOBE
_dILC
_dCOO
_dUAB
_dNKM
_dOCLCF
_dTCH
_dRB0
_dFOLLT
_dZCU
_dIDU
_dIBI
_dEDK
_dTXUPP
_dDYJ
_dSHM
_dLIP
_dDCB
_dSFR
_dBYV
_dCHILD
_dOCLCQ
_dCSA
_dOCLCQ
_dOCLCO
_dDHA
_dNZBWR
_dNMC
_dOCLCQ
_dP@N
_dOCLCQ
_dMNM
_dOCLCQ
_dUKOBU
_dNAM
_dOCLCQ
_dOCLCO
_dBGU
_dOCLCQ
_dUKMGB
_dUKUOY
_dNZLEP
_dOCLCQ
_dCNGUL
_dICL
_dOCLCO
_dCUY
_dLKC
_dTL4
_dNZIPP
_dUTP
_dOCLCO
_dNZAUC
_dOCLCO
_dKFH
_dMQS
_dOCLCQ
_dOCLCO
_dOCL
_dOCLCQ
_dZVR
_dOCLCO
_dT2G
_dOCLCO
_dBUF
_dTXGPM
_dOCLCO
_dP2Q
_dOCLCO
_dSTQ
_dOCLCO
_dCPA
_dOCLCO
_dLWA
_dOCLCO
_dOCLCA
_dSGP
_dOCLCQ
_dOCLCO
_dOCLCQ
_dWAU
_dOCLCO
_dUCIDS
_dCSL
_dTXHLS
_dOCLCO
041 1 _aeng
_hita
042 _apcc
043 _ae-it---
050 0 0 _aPQ4866.E6345
_bS77513 2015
060 0 0 _aPZ 4
082 0 0 _a853/.914
_223
084 _aFIC000000
_aFIC019000
_2bisacsh
084 _aI546.45
_2clc
092 _aadult fiction
_bFerrante
100 1 _aFerrante, Elena,
_eauthor.
_95696114
240 1 0 _aStoria della bambina perduta.
_lEnglish
245 1 4 _aThe story of the lost child /
_cElena Ferrante ; translated from the Italian by Ann Goldstein.
264 1 _aNew York, N.Y. :
_bEuropa Editions,
_c2015.
264 4 _c©2015
300 _a473 pages ;
_c22 cm
336 _atext
337 _aunmediated
338 _avolume
490 _aNeapolitan novels ;
_vbook 4
500 _a"Maturity, old age."
505 0 _aMaturity -- Old Age.
520 _aThe brilliant, bookish Elena and the fiery uncontainable Lila are adults; life's great discoveries have been made, its vagaries and losses have been suffered. Through it all, the women's friendship, examined in its every detail over the course of four books, remains the gravitational center of their lives. Both women once fought to escape the neighborhood in which they grew up-a prison of conformity, violence, and inviolable taboos. Elena married, moved to Florence, started a family, and published several well-received books. But now, she has returned to Naples to be with the man she has always loved. Lila, on the other hand, never succeeded in freeing herself from Naples. She has become a successful entrepreneur, but her success draws her into closer proximity with the nepotism, chauvinism, and criminal violence that infect her neighborhood. Yet somehow this proximity to a world she has always rejected only brings her role as unacknowledged leader of that world into relief. For Lila is unstoppable, unmanageable, unforgettable.
546 _aTranslated from the Italian.
586 _aThe Man Booker International Prize : Shortlist 2016.
650 0 _aFemale friendship
_vFiction.
_95674580
650 1 _aEntrepreneurship
_vFiction.
_95675863
650 1 _aFriendship
_vFiction.
_95673769
650 6 _aAmitié féminine
_vRomans, nouvelles, etc.
_96485386
650 7 _aFemale friendship
_vFiction.
_2cct
_95674580
650 7 _aFemale friendship
_2fast
650 7 _aWomen's friendships.
_2homoit
_96496859
650 7 _aFemale friendship
_vFiction.
_2sears
_95674580
651 0 _aNaples (Italy)
_vFiction.
_95696120
651 7 _aNaples (Italy)
_2cct
651 7 _aItaly
_zNaples
_2fast
_96377666
651 7 _aNaples (Italy)
_vFiction.
_2sears
_95696120
655 0 _aDomestic fiction.
655 2 _aFictional Work
_96419090
655 4 _aDomestic fiction.
655 7 _aFiction in translation.
_2eflch
_96496860
655 7 _aDomestic fiction
_2fast
655 7 _aFiction
_2fast
_95673940
655 7 _aHistorical fiction.
_2gsafd
655 7 _aRomans (teksten)
_2gtt
_95723634
655 7 _aNovels.
_2lcgft
655 7 _aPsychological fiction.
_2lcgft
_95673631
655 7 _aDomestic fiction.
_2lcgft
655 7 _aRomans.
_2rvmgf
_96374904
655 7 _aGeneral.
_2ukslc
_96496861
655 7 _aFiction in Translation.
_2ukslc
_96496862
700 1 _aGoldstein, Ann,
_d1949-
_etranslator.
_944509
700 1 2 _aFerrante, Elena.
_tStoria di chi fugge e di chi resta.
_lEnglish.
_96496863
942 _2ddc
_cBOOK
999 _c402085
_d402085